000 00317nam a2200121Ia 4500
008 210430s9999 xx 000 0 und d
082 _a813.54 D6189 M
100 _aDr.Parag Diwan
_954137
245 _aNano Composites
_cDr.Parag Diwan
260 _aIndia
_bPentagon Press
_c2006
300 _a156 p
942 _cBK
_2ddc
999 _c565047
_d565047